Statistics for CFB - Alabama Starting Lineup - 2020

Click here to take the quiz!

General Stats

  • This quiz has been taken 23 times
  • The average score is 9 of 22

Answer Stats

HintAnswer% Correct
WRDevonta Smith
94%
QBMac Jones
83%
RBNajee Harris
78%
WRJaylen Waddle
72%
MLBChristian Harris
67%
WRJohn Metchie III
50%
CBPatrick Surtain II
44%
RTEvan Neal
39%
CLandon Dickerson
39%
LTAlex Leatherwood
33%
LBWill Anderson Jr.
33%
LGDeonte Brown
28%
MLBDylan Moses
28%
SSJordan Battle
28%
CBJosh Jobe
28%
TEMiller Forristall
28%
FSDaniel Wright
22%
LBChristopher Allen
17%
DTDJ Dale
17%
RGEmil Ekiyor Jr.
17%
DEJustin Eboigbe
17%
DELaBryan Ray
17%

Score Distribution

Percentile by Number Answered

Percent of People with Each Score

Your Score History

You have not taken this quiz